000 00758cab a2200229 4500
001 WB3417-28
008 090401t1998 xxu||||| |||| 00| 0 eng d
035 _a(Sirsi) u86044
041 _aeng
245 2 _aA charter for residents
260 _c1998
350 _a0
490 _aFinancial Times
_v4 May 1998, 6(1)
520 _aA new tenancy agreement has been drawn up for council tenants in Oldham, Greater Manchester which spells out unsuitable behaviour and its consequences, in order to stamp out anti-social activity on the housing estate.
650 _aANTI-SOCIAL BEHAVIOUR
650 _aGREATER MANCHESTER
650 _aOLDHAM
650 _aTENANCY AGREEMENT
690 _aBlock management
_96220
942 _n0
948 _c07/05/1998
999 _c54129
_d54129